International cooperation: between East and West; Томский политехник; Вып. 4

Bibliographische Detailangaben
Parent link:Томский политехник: ежегодный журнал/ Томский политехнический университет (ТПУ), Ассоциация выпускников.— , 1995-
Вып. 4.— 1998.— [С. 28-33]
1. Verfasser: Kirillov N. P. Nikolay Petrovich
Zusammenfassung:Заглавие с титульного листа
Электронная версия печатной публикации
Sprache:Englisch
Veröffentlicht: 1998
Schriftenreihe:Томский политехнический в мировом пространстве
Schlagworte:
Online-Zugang:Цветная версия без потери качества
Format: Elektronisch Buchkapitel
KOHA link:https://koha.lib.tpu.ru/cgi-bin/koha/opac-detail.pl?biblionumber=189460

MARC

LEADER 00000nla2a2200000 4500
001 189460
005 20240724134907.0
035 |a (RuTPU)RU\TPU\book\205965 
035 |a RU\TPU\book\205962 
090 |a 189460 
100 |a 20101224d1998 km y0rusy50 ca 
101 1 |a eng 
102 |a RU 
135 |a drnn ---uucaa 
181 0 |a i  
182 0 |a b 
200 1 |a International cooperation: between East and West  |f N. P. Kirillov 
203 |a Текст  |c электронный 
215 |a 1 файл (21.4 Мб) 
225 1 |a Томский политехнический в мировом пространстве 
300 |a Заглавие с титульного листа 
300 |a Электронная версия печатной публикации 
337 |a Adobe Reader 
461 1 |0 (RuTPU)RU\TPU\book\202435  |t Томский политехник  |o ежегодный журнал  |f Томский политехнический университет (ТПУ), Ассоциация выпускников  |d 1995- 
463 1 |0 (RuTPU)RU\TPU\book\205930  |t Вып. 4  |v [С. 28-33]  |d 1998  |p 201 с. 
601 0 2 |a Томский политехнический университет (ТПУ)  |c (1991-2009)  |2 stltpush  |3 (RuTPU)RU\TPU\col\376 
610 1 |a международное сотрудничество 
610 1 |a мировой рынок услуг 
610 1 |a образовательные услуги 
610 1 |a зарубежные университеты 
610 1 |a Запад 
610 1 |a Восток 
610 1 |a целевые программы 
610 1 |a программы развития 
610 1 |a информационные сети 
610 1 |a Интернет 
610 1 |a Интранет 
610 1 |a деловые контакты 
610 1 |a основные задачи 
610 1 |a зарубежные страны 
610 1 |a электронный ресурс 
610 1 |a труды учёных ТПУ 
700 1 |a Kirillov  |b N. P.  |c Russian philosopher  |c Doctor of Sciences (DSc), Professor of Tomsk Polytechnic University  |f 1939-  |g Nikolay Petrovich  |3 (RuTPU)RU\TPU\pers\29869  |9 14341 
801 1 |a RU  |b 63413507  |c 20101101 
801 2 |a RU  |b 63413507  |c 20120905  |g RCR 
856 4 |u http://www.lib.tpu.ru/fulltext/v/Tomsk_polytechnic/1998/N4a6_full.pdf  |z Цветная версия без потери качества 
942 |c CF